| 000 | 00611nam a22001457a 4500 | ||
|---|---|---|---|
| 003 | OSt | ||
| 005 | 20150917115124.0 | ||
| 008 | 150917b xxu||||| |||| 00| 0 eng d | ||
| 040 | _cRUA | ||
| 082 | _aAGR SIM 2002 B023 Or.1 | ||
| 100 |
_9671 _aSIM, SOKHA. |
||
| 245 | _aWater management for emerging and taking care rubber seeding at chamcar andong plantation ការគ្រប់គ្រងទឺកសំរាប់ដំណុះកូនកៅស៊ូនិងការថែទាំនៅចំការកៅស៊ូចំការអណ្ដូង | ||
| 300 |
_a38p. _bill. _c29cm. |
||
| 942 |
_2ddc _cAGR |
||
| 999 |
_c648 _d648 |
||